Corporate roadmapping and its development
Systémy manažérskeho plánovania ako dôležitá časť strategického vedomostného manažmentu v podniku (spoločnosti). Corporate roadmapping (CRM) ako jeden z hlavných nástrojov strategického rozhodovania v globálnom podnikaní. Nárast globálnej konkurencie, hlavne globálnych spoločností, núti podniky hľad...
Enregistré dans:
| Auteur principal: | |
|---|---|
| Format: | Chapitre de livre |
| Langue: | anglais |
| Sujets: | |
| Tags: |
Pas de tags, Soyez le premier à ajouter un tag!
|
MARC
| LEADER | 00000naa$a2200000$$$4500 | ||
|---|---|---|---|
| 001 | 0067839 | ||
| 005 | 20240502071820.8 | ||
| 041 | 0 | |a eng | |
| 044 | |a SK | ||
| 245 | 1 | 0 | |a Corporate roadmapping and its development |c Marek Jemala |
| 520 | |a Systémy manažérskeho plánovania ako dôležitá časť strategického vedomostného manažmentu v podniku (spoločnosti). Corporate roadmapping (CRM) ako jeden z hlavných nástrojov strategického rozhodovania v globálnom podnikaní. Nárast globálnej konkurencie, hlavne globálnych spoločností, núti podniky hľadať svoje vlastné cesty ako prežiť a dosahovať čo najlepšie výsledky. Význam roadmappingu. | ||
| 610 | 2 | 0 | |a podnik |
| 610 | 2 | 0 | |a plánovanie strategické |
| 610 | 2 | 0 | |a manažment informačný strategický |
| 610 | 2 | 0 | |a konkurencia |
| 610 | 2 | 0 | |a stratégia podniková |
| 100 | 1 | |a Jemala, Marek | |